| 000 | 00418 a2200145 4500 | ||
|---|---|---|---|
| 999 |
_c5533 _d5533 |
||
| 020 | _a0443052522 | ||
| 050 | _aRA418BARBAR1999 | ||
| 100 |
_aBarker,Helen M _eauthor |
||
| 245 |
_aNutrition and dietetics for health care / _cHelen M Barker |
||
| 264 |
_aEdinburgh ; New York : _b Churchill Livingstone, _c2002 |
||
| 300 | _a308p. : | ||
| 500 | _aincludes index | ||
| 650 | _a Dietetics. | ||
| 942 |
_2lcc _cBK _h418 _iBAR _kRA |
||